Arbeitslosigkeit / 1 Sozialstrukturelle Probleme
| Tipo de documento: | Print Libro |
|---|---|
| Lenguaje: | Alemán |
| Publicado: |
Königstein/Ts.
Hain
1978
|
| En: |
Arbeitslosigkeit
Año: 1978 |
| Disponibilidad en Tübingen: | Disponible en Tübingen. IFK: O VIII 132 |
| Verificar disponibilidad: | HBZ Gateway |
| Servicio de pedido Subito: | Pedir ahora. |
MARC
| LEADER | 00000cam a2200000 cc4500 | ||
|---|---|---|---|
| 001 | 1077074255 | ||
| 003 | DE-627 | ||
| 005 | 20220429152521.0 | ||
| 007 | tu | ||
| 008 | 850101s1978 xx ||||| 00| ||ger c | ||
| 020 | |a 3445016046 |9 3-445-01604-6 | ||
| 035 | |a (DE-627)1077074255 | ||
| 035 | |a (DE-576)007074255 | ||
| 035 | |a (DE-599)BSZ007074255 | ||
| 035 | |a (OCoLC)310683536 | ||
| 040 | |a DE-627 |b ger |c DE-627 |e rakwb | ||
| 041 | |a ger | ||
| 084 | |a QV 202 |2 rvk |0 (DE-625)rvk/142139: | ||
| 084 | |a MS 5350 |2 rvk |0 (DE-625)rvk/123724: | ||
| 084 | |a QC 340 |2 rvk |0 (DE-625)rvk/141271: | ||
| 245 | 0 | 0 | |a Arbeitslosigkeit |n 1 |p Sozialstrukturelle Probleme |c Thomas Kutsch (Hrsg.) ... |
| 246 | 3 | 0 | |a sozialstrukturelle probleme |
| 264 | 1 | |a Königstein/Ts. |b Hain |c 1978 | |
| 300 | |a 188 S | ||
| 336 | |a Text |b txt |2 rdacontent | ||
| 337 | |a ohne Hilfsmittel zu benutzen |b n |2 rdamedia | ||
| 338 | |a Band |b nc |2 rdacarrier | ||
| 490 | 1 | |a Soziale Probleme der Gegenwart |v 1 | |
| 773 | 1 | 8 | |a Arbeitslosigkeit |w (DE-627)1077074247 |w (DE-576)007074247 |g 1 |q 1 |7 nnam |
| 830 | 0 | |a Soziale Probleme der Gegenwart |v 1 |9 1 |w (DE-627)167650777 |w (DE-576)007074239 |w (DE-600)556392-6 |7 am | |
| 936 | r | v | |a QV 202 |b Arbeitslosigkeit |k Wirtschaftswissenschaften |k Arbeitnehmerfragen (Labor Economics) |k Arbeitsangebot. Arbeitsmarkt |k Arbeitslosigkeit |0 (DE-627)1271086719 |0 (DE-625)rvk/142139: |0 (DE-576)201086719 |
| 936 | r | v | |a MS 5350 |b Arbeiterbewegung und Arbeitslosigkeit |k Soziologie |k Spezielle Soziologien |k Wirtschafts-, Industrie- und Techniksoziologie |k Arbeiterbewegung und Arbeitslosigkeit |0 (DE-627)1270883704 |0 (DE-625)rvk/123724: |0 (DE-576)200883704 |
| 936 | r | v | |a QC 340 |b Allgemeines |k Wirtschaftswissenschaften |k Wirtschaftstheorie, einschließlich Geldtheorie |k Wert-, Preis- und Allokationstheorie |k Makroökonomische Theorie. Geldtheorie. Konjunkturtheorie. Wachstumstheorie |k Wachstums- und Entwicklungstheorie |k Allgemeines |0 (DE-627)1270742566 |0 (DE-625)rvk/141271: |0 (DE-576)200742566 |
| 951 | |a MV | ||
| ELC | |b 1 | ||
| LOK | |0 000 xxxxxcx a22 zn 4500 | ||
| LOK | |0 001 2055917676 | ||
| LOK | |0 003 DE-627 | ||
| LOK | |0 004 1077074255 | ||
| LOK | |0 005 20250306081419 | ||
| LOK | |0 008 930423||||||||||||||||ger||||||| | ||
| LOK | |0 040 |a DE-21-110 |c DE-627 |d DE-21-110 | ||
| LOK | |0 852 |a DE-21-110 | ||
| LOK | |0 852 1 |c O VIII 132 |m p |9 00 | ||
| LOK | |0 935 |a k110 | ||
| LOK | |0 936ln |a 7.3.2.5 | ||
| LOK | |0 938 |k p | ||
| LOK | |0 939 |a 23-04-93 |b l01 | ||
| ORI | |a SA-MARC-krimdoka001.raw | ||
| SIG | |a IFK: O VIII 132 | ||
